Österreichische Gemeinden A-Z - Statistiken

Allgemein
  • Dieses Quiz wurde 211 mal gespielt
  • Das Durchschnittsergebnis liegt bei 14 aus 25
Antwortstatistiken
# Land Hinweis Gemeinde % Korrekt
D VB Einwohnerreichste Stadt Vorarlbergs Dornbirn
87%
K TI Wintersportort und Schauplatz des Hahnenkammrennens Kitzbühel
86%
H UNESCO-Welterbe im Salzkammergut, in China nachgebaut Hallstatt
81%
F ST Titel eines erfolgreichen Liedes von S.T.S. Fürstenfeld
80%
L TI Hauptstadt von Osttirol Lienz
80%
S Standort des Flughafen Wien Schwechat
78%
Y Hat 2 Flüsse im Namen Ybbs an der Donau
76%
B SB Einer der 4 Austragungsorte der Vierschanzentournee im Skispringen Bischofshofen
73%
W Teilt sich den Namen mit einer Fischart Wels
70%
T VB Teilt sich den Namen mit einem deutschen Bundesland Thüringen
69%
G Bekannt durch das Seeschloss Ort und die lokale Keramikmanufaktur Gmunden
64%
Z Ort des einzigen Kernkraftwerks in Österreich (nie in Betrieb) Zwentendorf an der Donau
64%
M ST Berühmter Wallfahrtsort Mariazell
61%
P BU Bekannt durch sein Fashion- und Designeroutlet Parndorf
56%
I TI Die lokale Fastnachtstradition des "Schemenlaufens" ist immaterielles Kulturerbe der UNESCO Imst
55%
R BU Kleinste Statuarstadt Österreichs Rust
53%
E ST Benannt und bekannt für den lokalen Metallabbau Eisenerz
46%
V Luftkur- und Fremdenverkehrsort am See Velden am Wörther See
46%
U SB Teilt sich den Namen mit einer Gattung von Froschlurchen Unken
40%
A Genau am Dreiländereck Österreich/Italien/Slowenien gelegen Arnoldstein
36%
O SB Ursprungsort von "Stille Nacht, Heilige Nacht" Oberndorf bei Salzburg
33%
N Heimat des Rekordmeisters der Frauen-Fußballbundesliga (neben Landhaus Wien) Neulengbach
28%
J TI Exklave, von Deutschland umgeben Jungholz
25%
Ö ST Frühere Bergbaugemeinde in der Expositur Gröbming Öblarn
21%
Ü Ort an der deutschen Grenze, beinhaltet die Ruine der staufischen Ratzlburg Überackern
6%
Keine übereinstimmenden Quizze gefunden
Verteilung der Resultate
Anzahl Personen mit jedem Resultat
Perzentil nach korrekt beantworteten Fragen
Ihre Resultats-Entwicklung
Sie haben dieses Quiz noch nicht gespielt